[Event "Padova op-A 13th"]
[Site "Padova"]
[Date "2010.12.14"]
[Round "3.14"]
[White "Milazzo, Mario"]
[Black "Militello, Michele"]
[Result "1-0"]
[WhiteElo "2069"]
[BlackElo "1817"]
[PlyCount "123"]
[EventDate "2010.12.12"]
[EventType "swiss"]
[EventRounds "9"]
[EventCountry "ITA"]
[SourceTitle "EXT 2024"]
[Source "ChessBase"]
[SourceDate "2023.10.10"]
[SourceVersion "1"]
[SourceVersionDate "2023.10.10"]
[SourceQuality "1"]

1. d4 d6 2. Nf3 Nf6 3. g3 Nbd7 4. Bg2 e5 5. c4 c6 6. dxe5 dxe5 7. 0-0 Qc7 8. Nc3 g6 9. b3 Bg7 10. Bb2 0-0 11. Qc2 a5 12. Rac1 Re8 13. e4 h6 14. Rfd1 Bf8 15. Na4 b6 16. h3 Bb7 17. Ne1 Nh7 18. Rxd7 Qxd7 19. Nxb6 Qc7 20. Nxa8 Bxa8 21. c5 Bb7 22. Bf1 Bc8 23. a3 Be6 24. b4 f6 25. Bc4 Ng5 26. h4 Nf7 27. Bxe6 Rxe6 28. Rd1 Re7 29. Qd3 Kh7 30. Ng2 axb4 31. axb4 Bg7 32. Ne3 h5 33. b5 cxb5 34. Nd5 Qxc5 35. Ba3 Qc4 36. Qxc4 bxc4 37. Bxe7 f5 38. Rc1 Nh6 39. Rxc4 fxe4 40. Rxe4 Nf7 41. Nf6+ Kh6 42. Ne8 Bh8 43. Nd6 Kg7 44. Nxf7 Kxf7 45. Bg5 Ke6 46. f4 Kf5 47. Rxe5+ Bxe5 48. fxe5 Kxe5 49. Kf2 Ke4 50. Ke2 Kd4 51. Kf3 Ke5 52. Bh6 Kf5 53. Bf4 Kf6 54. Ke4 Ke6 55. Bg5 Kd6 56. Bc1 Ke6 57. Kf4 Kf7 58. Kg5 Kg7 59. Bb2+ Kh7 60. Kf6 Kh6 61. Bc1+ Kh7 62. Kf7 1-0

[Event "Padova op-A 13th"]
[Site "Padova"]
[Date "2010.12.13"]
[Round "2.14"]
[White "Belloni, Umberto"]
[Black "Milazzo, Mario"]
[Result "1/2-1/2"]
[WhiteElo "1866"]
[BlackElo "2069"]
[PlyCount "64"]
[EventDate "2010.12.12"]
[EventType "swiss"]
[EventRounds "9"]
[EventCountry "ITA"]
[SourceTitle "EXT 2024"]
[Source "ChessBase"]
[SourceDate "2023.10.10"]
[SourceVersion "1"]
[SourceVersionDate "2023.10.10"]
[SourceQuality "1"]

1. d4 f5 2. c3 Nf6 3. Bg5 e6 4. e3 b6 5. Be2 Bb7 6. Bf3 Bxf3 7. gxf3 Be7 8. h4 c5 9. Nd2 Nc6 10. f4 Rc8 11. a3 d5 12. Bxf6 Bxf6 13. Qh5+ Ke7 14. Ngf3 Qe8 15. Qxe8+ Rhxe8 16. Ng5 Rh8 17. Ke2 Bxg5 18. hxg5 h5 19. gxh6 Rxh6 20. Rhg1 Kf6 21. b4 cxd4 22. cxd4 Rg6 23. Rgc1 Rh6 24. b5 Ne7 25. Nf3 Rhh8 26. Ne5 Rxc1 27. Rxc1 Rc8 28. Rxc8 Nxc8 29. Nc6 Kf7 30. Kd3 Ke8 31. f3 Kd7 32. a4 a5 1/2-1/2

[Event "Padova op-A 13th"]
[Site "Padova"]
[Date "2010.12.12"]
[Round "1.1"]
[White "Milazzo, Mario"]
[Black "Zaja, Ivan"]
[Result "0-1"]
[WhiteElo "2069"]
[BlackElo "2489"]
[PlyCount "72"]
[EventDate "2010.12.12"]
[EventType "swiss"]
[EventRounds "9"]
[EventCountry "ITA"]
[SourceTitle "EXT 2024"]
[Source "ChessBase"]
[SourceDate "2023.10.10"]
[SourceVersion "1"]
[SourceVersionDate "2023.10.10"]
[SourceQuality "1"]

1. d4 e6 2. c4 b6 3. Nc3 Bb4 4. a3 Bxc3+ 5. bxc3 Bb7 6. Nf3 Nf6 7. Bg5 h6 8. Bf4 d6 9. e3 Nbd7 10. Be2 g5 11. Bg3 Ne4 12. Rc1 h5 13. h3 h4 14. Bh2 f5 15. Ng1 Qf6 16. Bf3 0-0-0 17. Ne2 g4 18. Bxe4 Bxe4 19. Rg1 Rhg8 20. Kd2 e5 21. Qa4 Kb8 22. Rcf1 gxh3 23. gxh3 Rg2 24. Rxg2 Bxg2 25. Rg1 Bf3 26. Nc1 f4 27. Nd3 fxe3+ 28. fxe3 Be4 29. Qd1 Bxd3 30. Kxd3 Qf5+ 31. Kd2 Nc5 32. Qc2 Qf2+ 33. Kc1 Qxe3+ 34. Kb1 exd4 35. cxd4 Qxd4 36. Rg4 Qe3 0-1

[Event "Mogliano Veneto 31st A"]
[Site "Mogliano Veneto"]
[Date "2010.05.02"]
[Round "4"]
[White "Milazzo, Mario"]
[Black "Castellano, Alfonso"]
[Result "1-0"]
[WhiteElo "2082"]
[BlackElo "1939"]
[PlyCount "59"]
[EventDate "2010.04.30"]
[EventType "swiss"]
[EventRounds "5"]
[EventCountry "ITA"]
[SourceTitle "EXT 2024"]
[Source "ChessBase"]
[SourceDate "2023.10.10"]
[SourceVersion "1"]
[SourceVersionDate "2023.10.10"]
[SourceQuality "1"]

1. c4 e5 2. Nc3 c6 3. Nf3 d6 4. d4 Qc7 5. e4 a6 6. Be2 Nf6 7. 0-0 Bg4 8. Be3 Nbd7 9. Nd2 Bxe2 10. Qxe2 Be7 11. d5 c5 12. a3 0-0 13. Rac1 Rfe8 14. g4 Nf8 15. g5 N6d7 16. Qg4 Rab8 17. a4 f6 18. h4 fxg5 19. hxg5 Bd8 20. Kg2 Ng6 21. Rh1 Ndf8 22. Rcf1 Qf7 23. Ne2 Qd7 24. Qh5 Qxa4 25. f4 exf4 26. Nxf4 Nxf4+ 27. Rxf4 g6 28. Rxf8+ Kxf8 29. Qxh7 Ba5 30. Rf1# 1-0

[Event "Nova Gorica op-A 15th"]
[Site "Nova Gorica"]
[Date "2010.02.06"]
[Round "9"]
[White "Petrovic, Marko"]
[Black "Milazzo, Mario"]
[Result "0-1"]
[WhiteElo "2017"]
[BlackElo "2059"]
[PlyCount "76"]
[EventDate "2010.01.31"]
[EventType "swiss"]
[EventRounds "9"]
[EventCountry "SLO"]
[SourceTitle "CBM 134 Extra"]
[Source "ChessBase"]
[SourceDate "2010.03.03"]
[SourceVersion "1"]
[SourceVersionDate "2010.03.03"]
[SourceQuality "1"]

1. e4 e5 2. Nf3 Nc6 3. Bb5 a6 4. Ba4 Nf6 5. 0-0 Be7 6. c3 b5 7. Bb3 0-0 8. Re1 d6 9. h3 Na5 10. Bc2 c5 11. d4 Qc7 12. Nbd2 Re8 13. Nf1 Nc4 14. d5 g6 15. Ne3 Nb6 16. c4 Bd7 17. Nd2 Bf8 18. Bd3 Nh5 19. Kh2 Nf4 20. Bc2 Qc8 21. Ng4 Bg7 22. f3 Qd8 23. b3 Qh4 24. Rf1 f5 25. Nf2 Nh5 26. Nh1 Bh6 27. g3 Nxg3 28. Nxg3 Bxd2 29. Bxd2 f4 30. Nh1 Bxh3 31. Qe1 Qh5 32. Rf2 bxc4 33. Rb1 Rab8 34. Bd1 cxb3 35. Rxb3 Rec8 36. Ra3 Nc4 37. Rxa6 Nxd2 38. Rxd2 Bf1+ 0-1

[Event "Montebelluna op 10th"]
[Site "Montebelluna"]
[Date "2009.12.28"]
[Round "3"]
[White "Milazzo, Mario"]
[Black "Orsatti, Marcello"]
[Result "1-0"]
[WhiteElo "2059"]
[BlackElo "1977"]
[PlyCount "66"]
[EventDate "2009.12.27"]
[EventType "swiss"]
[EventRounds "7"]
[EventCountry "ITA"]
[SourceTitle "EXT 2012"]
[Source "ChessBase"]
[SourceDate "2011.11.24"]
[SourceVersion "1"]
[SourceVersionDate "2011.11.24"]
[SourceQuality "1"]

1. c4 c5 2. Nc3 Nc6 3. g3 g6 4. Bg2 Bg7 5. e4 e6 6. Nge2 Nge7 7. d3 0-0 8. 0-0 a6 9. Be3 Nd4 10. Qd2 Re8 11. Rab1 Nec6 12. Bh6 Bh8 13. Nxd4 Nxd4 14. Be3 Rb8 15. f4 d6 16. Ne2 e5 17. Nxd4 cxd4 18. Bf2 Be6 19. f5 Bd7 20. g4 g5 21. Bf3 b5 22. b3 f6 23. Kg2 Bg7 24. Rfc1 Qb6 25. Bd1 Rec8 26. cxb5 Bxb5 27. b4 Be8 28. Bb3+ Bf7 29. Bxf7+ Kxf7 30. Qb2 Bf8 31. Qb3+ Kg7 32. Qe6 Rc7 33. Rc4 Qb7 1-0